|
|
|
|
| LEADER |
00000ny a22000003n 4500 |
| 005 |
20110621141137.0 |
| 008 |
030131s2005 sp 00| 0 spa d |
| 020 |
|
|
|a 9788495458582
|
| 035 |
|
|
|a 633
|
| 040 |
|
|
|a BUS
|d vLex
|
| 090 |
|
|
|c 962
|d 962
|
| 100 |
1 |
|
|a Montoro Chiner, Mara̕ Jess︢
|
| 245 |
1 |
0 |
|a Responsabilidad patrimonial de la administracin̤ y contrato de seguro
|h [Recurso electrn̤ico]
|c Mara̕ Jess︢ Montoro Chiner, Mara̕ Concepcin̤ Hill Prados
|
| 256 |
|
|
|a Servicio en ln̕ea
|
| 260 |
|
|
|a Barcelona :
|b Atelier,
|c D.L. 2005
|
| 300 |
|
|
|a 133 p. ;
|c 22 cm.
|
| 506 |
1 |
|
|a Contenido solo disponible en los productos indicados
|d vLex Global
|d vLex Global (Academic Edition, excluding Law Schools)
|d vLex Global (U.S. Academic Edition, Law Schools)
|d vLex Global (U.S. Academic Edition, excluding Law Schools)
|d vLex Global (Academic Edition, Law Schools)
|
| 650 |
0 |
7 |
|a Administrativo
|2 Tesauro vLex
|
| 650 |
0 |
7 |
|a Seguros
|2 Tesauro vLex
|
| 650 |
0 |
7 |
|a Mercantil
|2 Tesauro vLex
|
| 650 |
0 |
7 |
|a Juicio de responsabilidad patrimonial del Estado
|2 Tesauro vLex
|
| 650 |
0 |
7 |
|a Contrato de seguro
|2 Tesauro vLex
|
| 700 |
1 |
|
|a Hill Prados, Mara̕ Concepcin̤,
|e coaut.
|
| 740 |
0 |
|
|a vLex Libros (Servicios en ln̕ea)
|
| 856 |
4 |
0 |
|u http://vlex.com/source/633
|z Acceso restringido
|
| 942 |
|
|
|c BOOK
|